Wszystkie przystanki linii tramwajowej numer 18 we Wrocławiu - Statystyki

Ogólne statystyki
  • Ten quiz został rozwiązany 10 razy
  • Średni wynik to 13 z 33
Statystyki odpowiedzi
Hint Odpowiedź % Poprawnych
1 Gaj
100%
10 Dworzec Autobusowy
86%
11 Dworzec Główny
86%
17 Rynek
71%
5 Bardzka
57%
8 Gajowa
57%
9 Joannitów
57%
7 Prudnicka
57%
15 Świdnicka
57%
31 Górnicza
43%
6 Kamienna
43%
4 Krynicka
43%
20 Michalczyka
43%
3 Morwowa
43%
13 Park Staromiejski
43%
2 Świeradowska
43%
33 Tarczyński Arena ( Królewiecka )
43%
16 Zamkowa
43%
22 Długa ( Ogrody Działkowe )
29%
19 Kępa Mieszczańska
29%
28 Kolista
29%
30 Modra
29%
24 Park Popowicki
29%
29 Pilczycka ( Anima )
29%
14 Świdnicka ( Dom Europy )
29%
21 Wrocław Szczepin
29%
12 Wzgórze Partyzantów
29%
32 Dworska
14%
18 pl. Jana Pawła II
14%
26 Port Popowice
14%
27 Wejherowska ( Hala Orbita )
14%
23 Wrocław Popowice 17 południk
14%
25 Białowieska
0%
Nie znaleziono quizów pasujących do podanych kryteriów
Rozkład punktacji
Procent ludzi z każdym wynikiem
Percentyl według liczby udzielonych odpowiedzi
Twoja historia wyników
Nie rozwiązałeś tego quizu